Vehicle Modeling and Performance Evaluation Using Active torque Distribution/ (Record no. 524802)

000 -LEADER
fixed length control field 00569nam a22001817a 4500
003 - CONTROL NUMBER IDENTIFIER
control field NUST
005 - DATE AND TIME OF LATEST TRANSACTION
control field 20190626061506.0
008 - FIXED-LENGTH DATA ELEMENTS--GENERAL INFORMATION
fixed length control field 190626b ||||| |||| 00| 0 eng d
038 ## - RECORD CONTENT LICENSOR
Staff Name Mr. Zahoor
082 ## - DEWEY DECIMAL CLASSIFICATION NUMBER
Classification number 620.1
100 ## - MAIN ENTRY--PERSONAL NAME
Personal name Rizwan Latif
9 (RLIN) 15593
245 ## - TITLE STATEMENT
Title Vehicle Modeling and Performance Evaluation Using Active torque Distribution/
Statement of responsibility, etc. Rizwan Latif
260 ## - PUBLICATION, DISTRIBUTION, ETC.
Place of publication, distribution, etc. Islamabad :
Name of publisher, distributor, etc. CEME NUST,
Date of publication, distribution, etc. 2014.
300 ## - PHYSICAL DESCRIPTION
Extent xiii, 60p. : ill. ;
Dimensions 30cm
500 ## - GENERAL NOTE
General note Hard cover
600 ## - SUBJECT ADDED ENTRY--PERSONAL NAME
Source of heading or term CEME - Mechanical Engineering - Ms Thesis
Personal name Rizwan Latif
9 (RLIN) 15593
942 ## - ADDED ENTRY ELEMENTS (KOHA)
Source of classification or shelving scheme
Koha item type Thesis
Holdings
Withdrawn status Lost status Source of classification or shelving scheme Damaged status Not for loan Permanent Location Current Location Shelving location Date acquired Total Checkouts Full call number Barcode Date last seen Price effective from Koha item type
          Central Library (CL) Central Library (CL) Thesis 06/26/2019   620.1 CL-T-1805 06/26/2019 06/26/2019 Thesis
© 2023 Central Library, National University of Sciences and Technology. All Rights Reserved.